Lập trình Java căn bản
Nội dung sách giới thiệu ngôn ngữ lập trình Java, lập trình hướng đối tượng Java, lập trình hướng đối tượng nâng cao với Java, lập trình đa tuyến Java, điều khiển biệt lệ và các lớp tiện ích, vào/ra trong Java, lập trình giao diện Swing...
Spremljeno u:
| Daljnji autori: | , |
|---|---|
| Format: | Knjiga |
| Jezik: | Vietnamese |
| Izdano: |
H.
Xây dựng
2020
|
| Izdanje: | Tái bản |
| Teme: | |
| Oznake: |
Dodaj oznaku
Bez oznaka, Budi prvi tko označuje ovaj zapis!
|
| Thư viện lưu trữ: | Thư viện Trường Đại học Nam Cần Thơ |
|---|
| LEADER | 01379nam a22002297a 4500 | ||
|---|---|---|---|
| 001 | NCT_92612 | ||
| 008 | 211122b xxu||||| |||| 00| 0 vie d | ||
| 999 | |c 4580 |d 4580 | ||
| 020 | |a 9786048232122 |c 95000 | ||
| 082 | 0 | 4 | |2 23rd ed. |a 005.133 |b L123T |
| 245 | 0 | 0 | |a Lập trình Java căn bản |c Phạm Văn Trung, Phạm Văn Tho,...[et al.] |
| 250 | |a Tái bản | ||
| 260 | |a H. |b Xây dựng |c 2020 | ||
| 300 | |a 168 tr. |b Minh họa |c 27cm | ||
| 520 | 3 | |a Nội dung sách giới thiệu ngôn ngữ lập trình Java, lập trình hướng đối tượng Java, lập trình hướng đối tượng nâng cao với Java, lập trình đa tuyến Java, điều khiển biệt lệ và các lớp tiện ích, vào/ra trong Java, lập trình giao diện Swing, làm việc với cơ sở dữ liệu. | |
| 653 | |a Công nghệ thông tin | ||
| 700 | 1 | |a Phạm Văn Trung | |
| 700 | 1 | |a Phạm Văn Tho | |
| 942 | |2 ddc |c BK | ||
| 952 | |0 0 |1 0 |2 ddc |4 0 |6 005_133000000000000_L123T |7 0 |9 21685 |a 000001 |b 000001 |d 2021-11-22 |o 005.133 L123T |p MD.19060 |r 2021-11-22 |v 95000.00 |w 2021-11-22 |y BK | ||
| 952 | |0 0 |1 0 |2 ddc |4 0 |6 005_133000000000000_L123T |7 0 |9 21686 |a 000001 |b 000001 |d 2021-11-22 |o 005.133 L123T |p MD.19061 |r 2021-11-22 |v 95000.00 |w 2021-11-22 |y BK | ||
| 980 | |a Thư viện Trường Đại học Nam Cần Thơ | ||


